Flags- Territories/ Islands/ Disputed Areas - Statistics

General Stats
  • This quiz has been taken 73 times
  • The average score is 64 of 116
Answer Stats
Hint Answer % Correct
American Samoa
94%
Greenland
92%
Guam
90%
Puerto Rico
90%
Aruba
88%
Hong Kong
88%
Isle of Man
88%
US Virgin Islands
88%
Faroe Islands
86%
Macau
86%
Gibraltar
84%
Norfolk Island
82%
Western Sahara
82%
French Guiana
80%
Jersey
80%
Anguilla
78%
Cook Islands
78%
Kurdistan
78%
New Caledonia
78%
Niue
78%
Northern Cyprus
78%
Tokelau
78%
Bermuda
76%
Christmas Island
76%
Corsica
76%
Guernsey
76%
Somaliland
76%
Tibet
76%
Åland Islands
73%
Catalonia
73%
Cocos Islands
73%
Curaçao
73%
French Polynesia
73%
Quebec
73%
South Ossetia
73%
Transnistria
73%
Bonaire
71%
Falkland Islands
71%
Guadeloupe
71%
Montserrat
71%
Northern Mariana Islands
71%
Northern Ireland
69%
British Indian Ocean Territory
67%
British Virgin Islands
67%
Saint Pierre and Miquelon
67%
Crimea
65%
Abkhazia
63%
Johnston Atoll
63%
Pitcairn Islands
63%
Sint Maarten
63%
Turks and Caicos Islands
63%
Antarctica
61%
Bougainville
61%
Canary Islands
61%
Cayman Islands
61%
Easter Island
61%
Sicily
61%
Azores
59%
Mayotte
59%
Reunion
59%
Sardinia
59%
Wake Island
59%
Artsakh
57%
Saba
57%
Wallis and Futuna
57%
Basque Country
55%
British Antarctic Territory
55%
Ceuta
55%
Saint Barthélemy
55%
Saint Helena
51%
Madeira
49%
Ascension Island
47%
Darfur
47%
Wallonia
47%
Tasmania
45%
Sint Eustatius
43%
Tristan da Cunha
43%
Sápmi
41%
Alderney
39%
Chechnya
39%
West Papua
39%
Balearic Islands
37%
Melilla
37%
Prince Edward Island
37%
Sark
37%
Galápagos
35%
Midway Atoll
35%
South Georgia and the South Sandwich Islands
35%
Bali
33%
Barotseland
33%
Juan Fernández Islands
33%
Kaliningrad
33%
Orkney
33%
Shetland
33%
Ibiza
31%
Lord Howe Island
31%
Kingman Reef
29%
Flemish Region
27%
Herm
27%
Mallorca
27%
Navassa Island
27%
Menorca
24%
Palmyra Atoll
24%
Scania
22%
Tenerife
22%
French Southern Antarctic Lands
20%
Jarvis Island
20%
La Palma
20%
Martinique
20%
El Hierro
18%
La Gomera
18%
Fuerteventura
16%
Lanzarote
16%
Formentera
14%
Gran Canaria
14%
San Andrés and Providencia
10%
No matching quizzes found
Score Distribution
Percent of People with Each Score
Percentile by Number Answered
Your Score History
You have not taken this quiz